01068nab a22002057a 4500003000400000005001700004008004100021040000700062100003000069245014600099260007200245300001300317500003800330505020700368505008900575650002000664650002900684650001700713773013200730OSt20260114020649.0190605e xxu||||| |||| 00| 0 spa d cPJ aLivellara, Carlos Alberto13aPrejudicialidad y cosa juzgada en materia laboral y la aplicación de las normas del Código Civil y Comercial /cCarlos Alberto Livellara. aCiudad Autónoma de Buenos Aires :bThomson Reuters La Ley,c2024. ap. 71-75 aCita: TR LALEY AR/DOC/891/2024.  aSumario: I. Introducción.— II. Principio general. Valoración autónoma de la injuria laboral.— III. Excepciones: cosa juzgada y prejudicialidad.— IV. Efectos de la sentencia penal posterior.  t¿Te interesa el texto completo? Solicitalo al correo: koha@justierradelfuego.gov.ar 0aDERECHO LABORAL 0aCODIGO CIVIL Y COMERCIAL 0aCOSA JUZGADA0 02711dCiudad Autónoma de Buenos Aires : Thomson Reuters La Ley, 1999-2002.tRevista de derecho del trabajo. Nº 3 - Mayo 2024